[Event "Championnat de Paris Open A"]
[Site "Paris"]
[Date "2012.07.09"]
[Round "3.68"]
[White "Zeller, Olivier"]
[Black "Koenig, Joel"]
[Result "1-0"]
[WhiteElo "2013"]
[BlackElo "1836"]
[PlyCount "73"]
[EventDate "2012.??.??"]

1. e4 e6 2. d4 d5 3. Nd2 c5 4. Ngf3 Nc6 5. exd5 exd5 6. dxc5 Bxc5 7. Nb3 Be7 8.
Be3 Nf6 9. Be2 O-O 10. O-O Be6 11. Nfd4 Nxd4 12. Bxd4 b6 13. Re1 Ne4 14. Bf3 f5
15. c3 Bd7 16. a4 Bf6 17. Bxf6 Qxf6 18. Qxd5+ Be6 19. Qd1 Rad8 20. Nd4 Bc4 21.
Qc2 Nc5 22. Rad1 g6 23. b4 Nd7 24. Ne6 Ne5 25. Nxd8 Nxf3+ 26. gxf3 Qg5+ 27. Kh1
Rxd8 28. Rxd8+ Qxd8 29. Qd1 Qc8 30. Re7 Qc6 31. Qd4 Qxf3+ 32. Kg1 Bf7 33. Rd7
Qe2 34. Rd8+ Be8 35. Qe3 Qg4+ 36. Kf1 Qc4+ 37. Qe2 1-0

[Event "Championnat de Paris Open A"]
[Site "Paris"]
[Date "2012.07.09"]
[Round "3.69"]
[White "Pachon, Bernard"]
[Black "Maubert, Nicolas"]
[Result "1-0"]
[WhiteElo "1814"]
[BlackElo "2010"]
[PlyCount "57"]
[EventDate "2012.??.??"]

1. d4 Nf6 2. Nf3 d5 3. e3 c5 4. c4 e6 5. cxd5 Nxd5 6. Bb5+ Bd7 7. Bxd7+ Nxd7 8.
e4 Qa5+ 9. Bd2 Nb4 10. O-O cxd4 11. Nxd4 Qb6 12. Bc3 Nc6 13. Nxc6 Qxc6 14. Nd2
Nf6 15. Rc1 Qa6 16. Bxf6 gxf6 17. Qb3 Be7 18. Rc4 O-O 19. Rfc1 Bd6 20. Nf3 Qb6
21. Qc2 Kh8 22. Qe2 Rg8 23. e5 Be7 24. Rc7 Rge8 25. exf6 Bxf6 26. Ne5 Bxe5 27.
Qxe5+ Kg8 28. Qg5+ Kf8 29. Qf6 1-0

[Event "Championnat de Paris Open A"]
[Site "Paris"]
[Date "2012.07.09"]
[Round "3.70"]
[White "Abbas, Talal"]
[Black "Reubrez, Christophe"]
[Result "0-1"]
[WhiteElo "2006"]
[BlackElo "1815"]
[PlyCount "54"]
[EventDate "2012.??.??"]

1. d4 Nf6 2. c4 d6 3. Bg5 g6 4. Nc3 Bg7 5. e4 O-O 6. f3 c6 7. Qd2 e5 8. Nge2
Be6 9. d5 cxd5 10. cxd5 Bc8 11. g4 Nbd7 12. h4 Qb6 13. h5 Nc5 14. Ng3 Qb4 15.
O-O-O Bd7 16. hxg6 hxg6 17. Bh6 Rac8 18. Kb1 Na4 19. Bxg7 Nxc3+ 20. Ka1 Nxd1
21. Qxd1 Kxg7 22. Bd3 Rc5 23. g5 Ng8 24. Nf5+ Bxf5 25. exf5 gxf5 26. Qe2 Qf4
27. Qf1 Rfc8 0-1

[Event "Championnat de Paris Open A"]
[Site "Paris"]
[Date "2012.07.09"]
[Round "3.71"]
[White "Bacon, Jean-Pierre"]
[Black "Ribaud-Chevrey, Philippe"]
[Result "1-0"]
[WhiteElo "1816"]
[BlackElo "2101"]
[PlyCount "151"]
[EventDate "2012.??.??"]

1. d4 d6 2. Nf3 Nd7 3. c4 e5 4. dxe5 dxe5 5. Nc3 Ngf6 6. Bg5 Be7 7. e3 c6 8.
Be2 Qc7 9. Qc2 O-O 10. O-O a5 11. a3 Re8 12. Rfd1 Nf8 13. Bxf6 Bxf6 14. Ne4 Qe7
15. Nxf6+ Qxf6 16. c5 Bf5 17. e4 Bg6 18. Rd6 Qf4 19. Nd2 Ne6 20. g3 Qf6 21. Rd1
Nd4 22. Qd3 Re6 23. Nc4 Rxd6 24. Nxd6 b6 25. b4 bxc5 26. bxc5 Rb8 27. Bg4 h5
28. Bf5 Rb3 29. Qc4 Rc3 30. Qa6 Rxc5 31. Qc8+ Kh7 32. Qf8 Ne6 33. Bxe6 fxe6 34.
Nf7 Qxf7 35. Qxc5 Bxe4 36. Qe3 Bd5 37. h4 Qf5 38. Kh2 c5 39. Re1 c4 40. Rc1 Kg8
41. Rc3 e4 42. Rc1 Qf6 43. Qe2 Qd4 44. Rd1 Qc5 45. Rb1 g6 46. Qb2 Kf7 47. Qd2
c3 48. Qf4+ Ke7 49. Rb8 Kd7 50. Qf7+ Qe7 51. Qxe7+ Kxe7 52. Rc8 {=} 52... Kd7
53. Rxc3 a4 54. Kg1 Kd6 55. Kf1 Ke5 56. Ke2 Kd4 57. Rc1 Bc4+ 58. Kd2 Bd5 59.
Rc7 Ke5 60. Ke3 Bb3 61. Rb7 Bd5 62. Rb4 Bc6 63. Rd4 Kf5 64. Rd6 Bd5 65. Rb6 Ke5
66. Rb5 Kf6 67. Rb4 Bc6 68. Rc4 Bd7 69. Kxe4 Be8 70. Rb4 Bc6+ 71. Kd4 e5+ 72.
Kc5 Be8 73. Kd6 Kf5 74. Rb8 Bf7 75. Rf8 Kf6 76. f3 1-0

[Event "Championnat de Paris Open A"]
[Site "Paris"]
[Date "2012.07.09"]
[Round "3.72"]
[White "Vallepin, Cedric"]
[Black "Probert, Luc"]
[Result "1-0"]
[WhiteElo "2125"]
[BlackElo "1919"]
[PlyCount "49"]
[EventDate "2012.??.??"]

1. e4 e5 2. Nf3 Nc6 3. Bc4 Bc5 4. b4 Bxb4 5. c3 Ba5 6. d4 d6 7. Qb3 Qd7 8. O-O
Bb6 9. Bb5 Qe7 10. Ba3 Bd7 11. Bxc6 Bxc6 12. Nxe5 Bxe4 13. Nd2 Qe6 14. Qa4+ Bc6
15. Nxc6 Qd7 16. Rfe1+ Kf8 17. Nc4 Qxc6 18. Qxc6 bxc6 19. Nxd6 Nh6 20. Nc8+ c5
21. dxc5 Rxc8 22. cxb6+ Kg8 23. b7 Rb8 24. Bc5 f6 25. Rab1 1-0

[Event "Championnat de Paris Open A"]
[Site "Paris"]
[Date "2012.07.09"]
[Round "3.73"]
[White "Bucaille, Guy"]
[Black "Larramendy, Pierre"]
[Result "1-0"]
[WhiteElo "2046"]
[BlackElo "1893"]
[PlyCount "47"]
[EventDate "2012.??.??"]

1. d4 d5 2. c4 c6 3. cxd5 cxd5 4. Nc3 Nf6 5. Bf4 Nc6 6. e3 Bf5 7. Bb5 e6 8. Qa4
Qb6 9. Nf3 Nd7 10. Nh4 Bg6 11. Nxg6 hxg6 12. e4 Nf6 13. exd5 Nxd5 14. Nxd5 exd5
15. Rc1 Rc8 16. O-O a6 17. Rfe1+ Kd7 18. Bxc6+ bxc6 19. Rc3 Be7 20. Qd1 Rce8
21. Rb3 Qa7 22. Qg4+ f5 23. Qxg6 Rhf8 24. Qe6+ 1-0

[Event "Championnat de Paris Open A"]
[Site "Paris"]
[Date "2012.07.09"]
[Round "3.74"]
[White "Poelstra, Ben"]
[Black "Renouard, Ludovic"]
[Result "1-0"]
[WhiteElo "2041"]
[BlackElo "1886"]
[PlyCount "123"]
[EventDate "2012.??.??"]

1. e4 e5 2. Nf3 d6 3. d4 exd4 4. Nxd4 Nf6 5. Nc3 Be7 6. Be2 O-O 7. O-O b6 8. f4
Bb7 9. Bf3 Nbd7 10. Be3 Re8 11. e5 Bxf3 12. Qxf3 dxe5 13. Nc6 e4 14. Qh3 Qc8
15. Rfd1 Bf8 16. Qf5 Nc5 17. Qxc8 Rexc8 18. Nd5 Nxd5 19. Rxd5 Nb7 20. Rad1 Re8
21. Rd7 Bd6 22. Kf1 Nd8 23. Nd4 Ne6 24. Nb5 Red8 25. Rxd8+ Rxd8 26. Nxa7 f5 27.
Nb5 Be7 28. Rxd8+ Bxd8 29. Nd4 Nxd4 30. Bxd4 Kf7 31. Ke2 g6 32. c4 Ke6 33. b4
c6 34. a4 c5 35. bxc5 bxc5 36. Bxc5 Ba5 37. Ke3 Kd7 38. Ba3 Kc6 39. Kd4 Bc7 40.
Bc1 Bb6+ 41. Ke5 e3 42. Kf6 e2 43. Bd2 Bg1 44. h3 Bh2 45. Kg7 Kc5 46. Kxh7 Kxc4
47. Be1 Bxf4 48. Kxg6 Kd3 49. Kxf5 Bd2 50. Bf2 Be3 51. Bh4 Kc2 52. a5 Kd3 53.
g4 Bc5 54. a6 Ke3 55. g5 Kf3 56. g6 Bf2 57. a7 Bxa7 58. g7 Bf2 59. g8=Q e1=Q
60. Qg4+ Ke3 61. Qe4+ Kd2 62. Qxe1+ 1-0

[Event "Championnat de Paris Open A"]
[Site "Paris"]
[Date "2012.07.09"]
[Round "3.76"]
[White "Fournier, Dimitri"]
[Black "Chitrit, Norbert"]
[Result "0-1"]
[WhiteElo "1995"]
[BlackElo "1871"]
[PlyCount "68"]
[EventDate "2012.??.??"]

1. e4 e5 2. Nf3 Nc6 3. d4 exd4 4. Nxd4 Bc5 5. Be3 Qf6 6. c3 d6 7. Be2 Bd7 8.
O-O Nge7 9. f4 h5 10. Qd2 O-O-O 11. b4 Bb6 12. a4 Bg4 13. Bc4 d5 14. e5 Qh6 15.
f5 Nxd4 16. cxd4 Qxe3+ 17. Qxe3 dxc4 18. Qa3 Rxd4 19. Kh1 Rd3 20. Qc1 Rhd8 21.
Qg5 Nxf5 22. Na3 Be3 23. Qxd8+ Kxd8 24. Nxc4 Bd4 25. Rac1 Ne3 26. Nxe3 Bxe3 27.
Rce1 Ke7 28. h3 Be6 29. Rf3 Bd2 30. Rxd3 Bxe1 31. b5 Ba5 32. Rg3 g6 33. Kg1 Bc4
34. Rf3 Ke6 0-1

[Event "Championnat de Paris Open A"]
[Site "Paris"]
[Date "2012.07.09"]
[Round "3.77"]
[White "Meslage, Jean"]
[Black "Hassine, Daniel"]
[Result "1/2-1/2"]
[WhiteElo "1924"]
[BlackElo "1991"]
[PlyCount "62"]
[EventDate "2012.??.??"]

1. e4 e5 2. Nf3 Nf6 3. d4 Nxe4 4. Bd3 d5 5. Nxe5 Bd6 6. O-O O-O 7. c4 Bxe5 8.
dxe5 Nc6 9. cxd5 Qxd5 10. Qc2 Nb4 11. Bxe4 Nxc2 12. Bxd5 Bf5 13. g4 Bxg4 14.
Be4 Nxa1 15. Bf4 f5 16. Bd5+ Kh8 17. f3 Bh3 18. Rc1 c6 19. Bc4 Rad8 20. e6 Rf6
21. Kf2 Rg6 22. e7 Re8 23. Bf1 Bxf1 24. Kxf1 Rxe7 25. Nd2 Rge6 26. Rxa1 h6 27.
h4 Kg8 28. h5 Rd7 29. Re1 Kf7 30. Rxe6 Kxe6 31. Ke2 Rd5 1/2-1/2

[Event "Championnat de Paris Open A"]
[Site "Paris"]
[Date "2012.07.09"]
[Round "3.78"]
[White "Cozette, Michael"]
[Black "Murchadha, Oissine"]
[Result "0-1"]
[WhiteElo "1968"]
[BlackElo "1857"]
[PlyCount "56"]
[EventDate "2012.??.??"]

1. e4 c5 2. c3 d5 3. exd5 Qxd5 4. d4 Nf6 5. Nf3 Bg4 6. Be2 e6 7. O-O Nc6 8. Be3
cxd4 9. cxd4 Be7 10. Nc3 Qd6 11. h3 Bh5 12. g4 Bg6 13. Ne5 Nxe5 14. dxe5 Qxe5
15. Qa4+ Kf8 16. Bf4 Qc5 17. Bf3 h5 18. Bxb7 Rd8 19. Rad1 hxg4 20. Rxd8+ Bxd8
21. Qd1 Bc7 22. Na4 Qe7 23. Be3 Kg8 24. Bc6 Rxh3 25. Bc5 Bh2+ 26. Kh1 Bd6+ 27.
Kg2 Bxc5 28. Nxc5 Qxc5 0-1

[Event "Championnat de Paris Open A"]
[Site "Paris"]
[Date "2012.07.09"]
[Round "3.79"]
[White "Ponchel, Claude"]
[Black "Dumas, Charles"]
[Result "0-1"]
[WhiteElo "1893"]
[BlackElo "1967"]
[PlyCount "98"]
[EventDate "2012.??.??"]

1. d4 Nf6 2. Nf3 e6 3. Bf4 b6 4. e3 Bb7 5. Nbd2 Be7 6. h3 d5 7. Be2 O-O 8. O-O
c5 9. Ne5 Nc6 10. Ndf3 Ne4 11. Nxc6 Bxc6 12. Ne5 Bb7 13. Bb5 Nd6 14. Bc6 Bxc6
15. Nxc6 Qc7 16. Nxe7+ Qxe7 17. dxc5 bxc5 18. Qd3 Rfd8 19. Rfe1 Rac8 20. Qa6
Qb7 21. Qxb7 Nxb7 22. Rad1 f6 23. e4 e5 24. Bd2 d4 25. f4 Kf7 26. fxe5 fxe5 27.
Bg5 Rf8 28. Rd3 Nd6 29. Ra3 Rc7 30. Ra6 Ke6 31. Bd2 h6 32. Ba5 Rd7 33. b3 Ke7
34. Rc6 Rc8 35. Ra6 Rb7 36. a3 Kd7 37. Rf1 Rc6 38. Rxc6 Kxc6 39. Re1 Rf7 40. a4
Rf4 41. b4 Rxe4 42. b5+ Kd5 43. Rf1 Re2 44. Rc1 Nc4 45. b6 axb6 46. Kf1 Re3 47.
Be1 Ra3 48. a5 Nxa5 49. Rb1 Nc4 0-1

[Event "Championnat de Paris Open A"]
[Site "Paris"]
[Date "2012.07.09"]
[Round "3.80"]
[White "Hirschmann, Georges"]
[Black "Guille, Jean-Luc"]
[Result "0-1"]
[WhiteElo "1841"]
[BlackElo "1962"]
[PlyCount "107"]
[EventDate "2012.??.??"]

1. d4 d5 2. c4 c6 3. cxd5 cxd5 4. Nf3 Nf6 5. Nc3 Nc6 6. Bf4 Qb6 7. Qb3 Qxb3 8.
axb3 e6 9. e3 Bb4 10. Bd3 Bd7 11. O-O Nh5 12. Bg3 Nxg3 13. hxg3 O-O 14. Bb5
Rfc8 15. Na4 Ne5 16. Nxe5 Bxb5 17. Rfc1 Bd2 18. Rc5 Rxc5 19. Nxc5 b6 20. Na4
Rc8 21. Nc3 Bxc3 22. bxc3 f6 23. Nf3 Rxc3 24. Rxa7 Rxb3 25. Re7 Rb1+ 26. Kh2
Ba4 27. Rxe6 Kf7 28. Rd6 Rb2 29. g4 Ke7 30. Rxd5 Bc6 31. Rh5 Rxf2 32. Rxh7 Bxf3
33. Kg3 Be4 34. Rxg7+ Kf8 35. Rc7 Rxg2+ 36. Kf4 Rc2 37. Rd7 Bc6 38. Rc7 Ba4 39.
Rb7 Rf2+ 40. Kg3 Rg2+ 41. Kf4 Rf2+ 42. Kg3 Rb2 43. Kf4 b5 44. Kf5 Rf2+ 45. Ke6
Bb3+ 46. d5 Bc4 47. Rh7 b4 48. Rf7+ Kg8 49. e4 b3 50. Rb7 b2 51. Ke7 Bd3 52. d6
b1=Q 53. Rxb1 Bxb1 54. d7 0-1

[Event "Championnat de Paris Open A"]
[Site "Paris"]
[Date "2012.07.09"]
[Round "3.81"]
[White "Renault, Nicolas"]
[Black "Marcelin, Philippe"]
[Result "1-0"]
[WhiteElo "1957"]
[BlackElo "1851"]
[PlyCount "33"]
[EventDate "2012.??.??"]

1. e4 g6 2. d4 Bg7 3. Nc3 d6 4. f4 a6 5. Nf3 b5 6. Bd3 Nd7 7. O-O c5 8. Be3
cxd4 9. Nxd4 Ngf6 10. Qf3 Nb6 11. e5 dxe5 12. fxe5 Ng4 13. Qxf7+ Kd7 14. e6+
Kc7 15. Qxg7 Nxe3 16. Qe5+ Qd6 17. Ncxb5+ 1-0

[Event "Championnat de Paris Open A"]
[Site "Paris"]
[Date "2012.07.09"]
[Round "3.82"]
[White "Seme, Christian"]
[Black "Goeller, Charles"]
[Result "0-1"]
[WhiteElo "1835"]
[BlackElo "1943"]
[PlyCount "110"]
[EventDate "2012.??.??"]

1. e4 c5 2. Nf3 d6 3. d4 cxd4 4. Nxd4 Nf6 5. Nc3 g6 6. Be3 Bg7 7. Bc4 Nc6 8. f3
Bd7 9. Qd2 h5 10. Bb3 a6 11. O-O-O b5 12. Nxc6 Bxc6 13. Nd5 Nd7 14. Kb1 Nc5 15.
Bd4 Bxd4 16. Qxd4 e5 17. Qd2 Nxb3 18. cxb3 Bxd5 19. Qxd5 Ke7 20. Rc1 Qd7 21.
Rc6 Rhc8 22. Rhc1 g5 23. R1c3 g4 24. fxg4 hxg4 25. Kc1 Rxc6 26. Qxc6 Qxc6 27.
Rxc6 Kd7 28. Rc3 Rh8 29. h3 gxh3 30. gxh3 Rh4 31. Re3 Ke6 32. Kd2 d5 33. exd5+
Kxd5 34. Rf3 Ke6 35. Rc3 f5 36. Rc6+ Kd5 37. Rxa6 Rxh3 38. Rb6 Kc5 39. Re6 Rh2+
40. Ke3 f4+ 41. Ke4 Re2+ 42. Kf3 Re3+ 43. Kg4 f3 44. Rf6 e4 45. Rf5+ Kd4 46.
Kg3 Re2 47. a4 bxa4 48. bxa4 Rg2+ 49. Kh3 Rxb2 50. a5 Ra2 51. Kg3 Ke3 52. Rb5
Rg2+ 53. Kh4 Rg6 54. Rb3+ Kf4 55. Rb4 Rh6# 0-1

[Event "Championnat de Paris Open A"]
[Site "Paris"]
[Date "2012.07.09"]
[Round "3.83"]
[White "Jacques, Christian"]
[Black "Marin, Emmanuel"]
[Result "1-0"]
[WhiteElo "1940"]
[BlackElo "1838"]
[PlyCount "43"]
[EventDate "2012.??.??"]

1. f4 e5 2. fxe5 d6 3. Nf3 dxe5 4. e4 Bg4 5. c3 Nd7 6. b4 Qe7 7. Bc4 f5 8. d3
fxe4 9. dxe4 O-O-O 10. O-O h6 11. Be3 Nb6 12. Qb3 Nxc4 13. Qxc4 b6 14. Na3 Kb8
15. Nb5 Bxf3 16. Rxf3 Nf6 17. a4 Qd7 18. a5 a6 19. axb6 axb5 20. bxc7+ Qxc7 21.
Ra8+ Kxa8 22. Qxc7 1-0

[Event "Championnat de Paris Open A"]
[Site "Paris"]
[Date "2012.07.09"]
[Round "3.84"]
[White "Rakem, Zine-Eddine"]
[Black "Ek, Alexandre"]
[Result "1-0"]
[WhiteElo "2139"]
[BlackElo "1896"]
[PlyCount "73"]
[EventDate "2012.??.??"]

1. e4 c5 2. d3 Nc6 3. Nf3 g6 4. g3 Bg7 5. Bg2 e6 6. O-O Nge7 7. c3 O-O 8. Bg5
h6 9. Be3 d6 10. Na3 Rb8 11. d4 cxd4 12. Nxd4 d5 13. Qd2 Nxd4 14. Bxd4 dxe4 15.
Qf4 Ra8 16. Bxg7 Kxg7 17. Qe5+ Kh7 18. Bxe4 f6 19. Qc5 b6 20. Qe3 Nd5 21. Qe2
Rb8 22. c4 Ne7 23. Rfd1 Bd7 24. Rd6 Nc8 25. Rd2 Rf7 26. h4 f5 27. Bf3 Qe8 28.
Rad1 e5 29. h5 g5 30. g4 e4 31. Bg2 Re7 32. gxf5 Bxf5 33. Rd8 Qf7 34. Nc2 Qe6
35. Nd4 Bg4 36. Nxe6 Bxe2 37. Bxe4# 1-0

[Event "Championnat de Paris Open A"]
[Site "Paris"]
[Date "2012.07.09"]
[Round "3.85"]
[White "Fayad, Erwan"]
[Black "Elkaim, Olivier"]
[Result "1/2-1/2"]
[WhiteElo "1894"]
[BlackElo "2087"]
[PlyCount "137"]
[EventDate "2012.??.??"]

1. e4 c5 2. Nf3 d6 3. d4 cxd4 4. Nxd4 Nf6 5. Nc3 g6 6. Be3 Bg7 7. f3 O-O 8. Qd2
Nc6 9. Bc4 Bd7 10. O-O-O Rc8 11. Bb3 Nxd4 12. Bxd4 b5 13. Nd5 Nxd5 14. Bxg7
Kxg7 15. Bxd5 Qc7 16. h4 h5 17. g4 Rh8 18. g5 Qc5 19. Rh2 Rhd8 20. Qf4 Be6 21.
Rdd2 Bxd5 22. exd5 Qc4 23. Qxc4 Rxc4 24. Rd4 Rdc8 25. Rhd2 Kf8 26. b3 Rxd4 27.
Rxd4 Rc3 28. Rf4 Rc5 29. Rd4 Rc3 30. a4 bxa4 31. Rxa4 Rxf3 32. Rxa7 Rf4 33.
Ra8+ Kg7 34. Ra4 Rf5 35. Rd4 Kf8 36. b4 Ke8 37. b5 Kd7 38. b6 Kc8 39. c4 Kb7
40. Re4 Kxb6 41. Rxe7 Rf2 42. Kd1 Kc5 43. Re4 Rg2 44. Rf4 Rg4 45. Rxf7 Kxc4 46.
Rf6 Kxd5 47. Rxg6 Rxh4 48. Ke2 Rg4 49. Rg8 Ke5 50. g6 Kf6 51. Rd8 Ke7 52. Rh8
h4 53. g7 Rxg7 54. Rxh4 Rg3 55. Rd4 Ke6 56. Rh4 Kd5 57. Kd2 Kc5 58. Rh8 d5 59.
Rc8+ Kd4 60. Rh8 Rg2+ 61. Kd1 Kd3 62. Rh3+ Kc4 63. Rh4+ d4 64. Rh3 Ra2 65. Kc1
d3 66. Rh8 Rc2+ 67. Kd1 Rg2 68. Rc8+ Kd4 69. Rd8+ 1/2-1/2

[Event "Championnat de Paris Open A"]
[Site "Paris"]
[Date "2012.07.09"]
[Round "3.86"]
[White "Claisse, Patrick"]
[Black "Benbara, Brahim"]
[Result "0-1"]
[WhiteElo "1879"]
[BlackElo "2057"]
[PlyCount "92"]
[EventDate "2012.??.??"]

1. e4 c5 2. Nf3 d6 3. d4 cxd4 4. Nxd4 Nf6 5. Nc3 a6 6. Be2 e5 7. Nb3 Be7 8. Be3
Be6 9. O-O Nbd7 10. f4 Qc7 11. f5 Bc4 12. Bxc4 Qxc4 13. Qd3 Rc8 14. Rad1 b5 15.
Qxc4 Rxc4 16. Nd2 Rc6 17. a3 O-O 18. Bg5 Bd8 19. Nb3 h6 20. Bh4 Rxc3 21. bxc3
Nxe4 22. Rfe1 Bxh4 23. Rxe4 Be7 24. c4 Nf6 25. Rh4 Nh7 26. Re4 Ng5 27. Rg4 h5
28. Rxg5 Bxg5 29. cxb5 axb5 30. Rxd6 Rc8 31. Rd5 e4 32. Kf1 Rxc2 33. Rxb5 e3
34. Nd4 Rf2+ 35. Ke1 Rxg2 36. Nf3 Bh6 37. h4 Bf4 38. Nd4 Rd2 39. Ne2 Bd6 40.
Rb3 Bc5 41. Ng3 Rh2 42. Ne4 Ba7 43. Rb7 Rxh4 44. Ng5 Rg4 45. Nxf7 Bd4 46. a4
Rg2 0-1

[Event "Championnat de Paris Open A"]
[Site "Paris"]
[Date "2012.07.09"]
[Round "3.87"]
[White "Kvashyna, Tetyana"]
[Black "Lam-Roques, Kalvin"]
[Result "0-1"]
[WhiteElo "1875"]
[BlackElo "2039"]
[PlyCount "234"]
[EventDate "2012.??.??"]

1. d4 Nf6 2. Nf3 c5 3. d5 b5 4. e3 Qb6 5. c4 Bb7 6. Nc3 b4 7. Ne2 e6 8. dxe6
dxe6 9. Ng3 Nbd7 10. Bd3 Bd6 11. Qe2 h5 12. e4 Qc7 13. Bg5 Bf4 14. Bxf4 Qxf4
15. Qd2 Qxd2+ 16. Nxd2 h4 17. Ne2 Ne5 18. Bc2 Rd8 19. f3 Ke7 20. O-O-O Ba6 21.
b3 Bb7 22. h3 g5 23. Nb1 Rdg8 24. Nd2 Nh5 25. Rhf1 Nf4 26. Nxf4 gxf4 27. Rf2
Rg5 28. Nf1 Nc6 29. Rdd2 Nd4 30. Bd3 Bc6 31. Nh2 f6 32. Ng4 Be8 33. Be2 Bh5 34.
Nh2 Rhg8 35. Bd1 a5 36. Bc2 Ra8 37. Bd1 Bf7 38. Bc2 Ra7 39. Ng4 Rh5 40. Bb1 Rh8
41. Rb2 Rha8 42. Bd3 Be8 43. Nh6 Bc6 44. Ng4 Rd8 45. Bb1 Rad7 46. Rbd2 a4 47.
Kb2 Ra7 48. Rd3 Rda8 49. Rfd2 Be8 50. Nf2 Bg6 51. Rd1 Rg8 52. R3d2 axb3 53.
axb3 Ra3 54. Bc2 Rga8 55. Rb1 e5 56. Nd3 Kd6 57. Kc1 Bf7 58. Nf2 Be6 59. Nd3
Rg8 60. Ne1 Kc6 61. Kb2 Rga8 62. Kc1 Ra1 63. Nd3 R1a7 64. Nb2 Rd8 65. Nd3 Rad7
66. Bd1 Nxb3+ 67. Rxb3 Bxc4 68. Nxb4+ cxb4 69. Rxd7 Rxd7 70. Rxb4 Kc5 71. Rb2
Rg7 72. Be2 Rxg2 73. Bxc4 Rg1+ 74. Kd2 Kxc4 75. Rb6 Rg3 76. Ke2 Rg6 77. Rc6+
Kb5 78. Rd6 Kc5 79. Rd8 Rh6 80. Kf2 Kc6 81. Rd1 Rh8 82. Rg1 Kd6 83. Ke2 Ke6 84.
Rg4 Rh6 85. Rg7 Rh8 86. Rg4 Kf7 87. Kf2 Rh5 88. Ke2 f5 89. exf5 Kf6 90. Kd2
Kxf5 91. Kd3 Rh6 92. Ke2 e4 93. fxe4+ Kxe4 94. Kf2 Rh5 95. Ke2 Rh7 96. Kf2 Rh8
97. Ke2 Ra8 98. Rxh4 Ra2+ 99. Kf1 Kf3 100. Ke1 Ra1+ 101. Kd2 Ra2+ 102. Kd3 Kg3
103. Rg4+ Kf3 104. Rh4 Ra8 105. Kd4 Re8 106. Rg4 Rh8 107. Ke5 Rh5+ 108. Kf6
Rxh3 109. Rg5 Kf2 110. Ke5 f3 111. Kd4 Rh8 112. Rb5 Re8 113. Rf5 Ke2 114. Rb5
f2 115. Rb2+ Kf3 116. Rb1 Kg2 117. Rb2 Kg1 0-1

[Event "Championnat de Paris Open A"]
[Site "Paris"]
[Date "2012.07.09"]
[Round "3.88"]
[White "Doebele, Victor"]
[Black "Zaky, Tamir"]
[Result "1-0"]
[WhiteElo "1998"]
[BlackElo "1888"]
[PlyCount "75"]
[EventDate "2012.??.??"]

1. Nf3 d5 2. g3 Bg4 3. Bg2 Nf6 4. O-O Nc6 5. c4 dxc4 6. Na3 Be6 7. Qa4 Nd7 8.
Ng5 Nb6 9. Nxe6 Nxa4 10. Bxc6+ bxc6 11. Nxd8 Rxd8 12. Nxc4 g6 13. b3 Bg7 14.
Rb1 Nb6 15. Na5 Rd6 16. Bb2 f6 17. d3 Nd5 18. Rfc1 Re6 19. Kf1 Kd7 20. Nb7 Kc8
21. Nc5 Rd6 22. Ne4 Re6 23. Rc4 Nb6 24. Rc2 Bh6 25. e3 Nd5 26. Ke2 Rd8 27. a3
f5 28. Nc5 Red6 29. Be5 Nf6 30. Bxd6 Rxd6 31. f4 Bg7 32. e4 fxe4 33. dxe4 Rd4
34. Rc4 Rxc4 35. bxc4 Nd7 36. Nxd7 Kxd7 37. e5 e6 38. Rb7 1-0

[Event "Championnat de Paris Open A"]
[Site "Paris"]
[Date "2012.07.09"]
[Round "3.89"]
[White "Hauseux, Paul"]
[Black "Bernabeu, Xavier"]
[Result "1-0"]
[WhiteElo "1872"]
[BlackElo "1969"]
[PlyCount "125"]
[EventDate "2012.??.??"]

1. d4 Nf6 2. c4 c5 3. Nf3 cxd4 4. Nxd4 e5 5. Nb5 Bc5 6. Nd6+ Ke7 7. Nxc8+ Qxc8
8. Bg5 d6 9. Bxf6+ Kxf6 10. Nc3 Bb4 11. Qd3 Qf5 12. O-O-O Qxd3 13. Rxd3 Bxc3
14. Rxc3 Rd8 15. e3 Na6 16. Be2 Rac8 17. Rd1 b6 18. Ra3 Nb4 19. Rxa7 b5 20. Kb1
bxc4 21. a3 Nc6 22. Ra6 c3 23. bxc3 Ke7 24. Bf3 Nb8 25. Ra7+ Nd7 26. Kc2 f5 27.
Rb1 e4 28. Be2 Ke6 29. Rbb7 Rb8 30. Bc4+ Ke7 31. Bb5 Rxb7 32. Rxb7 Ke6 33. Rxd7
Rb8 34. Rxg7 Rxb5 35. Rxh7 Ra5 36. Kb3 Kd5 37. Rb7 Ke6 38. a4 Rd5 39. Rb5 Rd2
40. a5 Rxf2 41. a6 f4 42. Ra5 fxe3 43. a7 e2 44. Ra1 Rf8 45. Re1 Ra8 46. Rxe2
Ke5 47. Ra2 Kf4 48. Kc4 Ke3 49. Kd5 Kd3 50. Kxd6 e3 51. Kc6 e2 52. Rxe2 Rxa7
53. Rf2 Kxc3 54. Kd5 Re7 55. g4 Kd3 56. h4 Ke3 57. Rf6 Rd7+ 58. Ke6 Rd4 59. g5
Rxh4 60. g6 Ke4 61. g7 Rg4 62. Kf7 Ke5 63. Rf1 1-0

[Event "Championnat de Paris Open A"]
[Site "Paris"]
[Date "2012.07.09"]
[Round "3.90"]
[White "Gauthier, Arnaud"]
[Black "Chen, Mingson"]
[Result "1-0"]
[WhiteElo "1964"]
[BlackElo "1866"]
[PlyCount "89"]
[EventDate "2012.??.??"]

1. e4 e5 2. Nf3 Nc6 3. d4 exd4 4. Nxd4 Bc5 5. Be3 Qf6 6. c3 Nge7 7. Bc4 Ne5 8.
Be2 Qg6 9. O-O d6 10. f3 O-O 11. Kh1 Bb6 12. Nd2 f5 13. a4 f4 14. Bf2 a6 15. a5
Ba7 16. Nc4 Kh8 17. b4 Bd7 18. Nb3 N7c6 19. Bxa7 Rxa7 20. Nxe5 Nxe5 21. c4 Be6
22. Qc2 Raa8 23. b5 Qf7 24. Nd2 Rfd8 25. Rfd1 Kg8 26. Kg1 Rac8 27. bxa6 bxa6
28. c5 Ra8 29. Rab1 Nd7 30. cxd6 cxd6 31. Rb7 Qf6 32. Rc7 Qd4+ 33. Kf1 Nc5 34.
Nc4 Qf6 35. Nxd6 Bb3 36. Qxc5 Bxd1 37. Qc4+ Kh8 38. Nf7+ Kg8 39. Nxd8+ Kh8 40.
Nf7+ Kg8 41. Nh6+ Kh8 42. Rc8+ Qf8 43. Rxf8+ Rxf8 44. Qg8+ Rxg8 45. Nf7# 1-0

[Event "Championnat de Paris Open A"]
[Site "Paris"]
[Date "2012.07.09"]
[Round "3.91"]
[White "Malara, Franck"]
[Black "Le Roux, Yann-Erle"]
[Result "0-1"]
[WhiteElo "1861"]
[BlackElo "1964"]
[PlyCount "92"]
[EventDate "2012.??.??"]

1. e4 e6 2. d4 d5 3. Nc3 Nf6 4. Bg5 Bb4 5. e5 h6 6. exf6 hxg5 7. fxg7 Rg8 8.
Qh5 Qf6 9. Nf3 Qxg7 10. Bd3 Nc6 11. O-O-O Bd7 12. h4 gxh4 13. Rxh4 O-O-O 14.
Rf4 Rdf8 15. Ne5 Nxe5 16. dxe5 Be7 17. Kb1 Rh8 18. Qe2 Qxg2 19. Rg4 Qh2 20. Qe3
Kb8 21. Nb5 b6 22. Ra4 Bc5 23. Qc1 Rh4 24. b4 Rxb4+ 25. Rxb4 Bxb4 26. Qb2 Bc5
27. a4 Qf4 28. c4 Qxf2 29. Rd2 Qe1+ 30. Ka2 d4 31. Re2 Qb4 32. Qxb4 Bxb4 33.
Kb3 Bc5 34. Be4 a6 35. Na3 Rg8 36. Rg2 Rxg2 37. Bxg2 Bf8 38. Nc2 c5 39. Ne1 Bg7
40. Nf3 Bc6 41. a5 bxa5 42. Nxd4 Bxg2 43. Nxe6 fxe6 44. Ka4 Bxe5 45. Kxa5 Kb7
46. Ka4 Bc3 0-1

[Event "Championnat de Paris Open A"]
[Site "Paris"]
[Date "2012.07.09"]
[Round "3.92"]
[White "Marchand, Andre"]
[Black "Ferre, Sebastien"]
[Result "1-0"]
[WhiteElo "1944"]
[BlackElo "1858"]
[PlyCount "113"]
[EventDate "2012.??.??"]

1. d4 d5 2. c4 c6 3. cxd5 cxd5 4. Nf3 Nf6 5. Nc3 e6 6. Bf4 Bd6 7. Bg3 Nc6 8. e3
O-O 9. Bd3 a6 10. Rc1 Re8 11. Ne5 h6 12. O-O Bxe5 13. dxe5 Nd7 14. f4 Nf8 15.
Bf2 Bd7 16. Qd2 b5 17. e4 Qa5 18. Rfd1 d4 19. Ne2 Qxa2 20. Be1 Qb3 21. Ra1 a5
22. Qc1 Nb4 23. Ra3 Nxd3 24. Rxd3 Qc4 25. Qxc4 bxc4 26. Rxd4 a4 27. Rxc4 Rab8
28. Rc2 Rec8 29. Rac3 Rxc3 30. Nxc3 Ng6 31. Rd2 Rb7 32. g3 Ne7 33. Bf2 Nc6 34.
Nxa4 Nxe5 35. fxe5 Bxa4 36. Rd8+ Kh7 37. Bd4 Bc2 38. Kf2 Bxe4 39. Ke3 Bd5 40.
Rc8 Rd7 41. b4 Rb7 42. Bc5 Bc4 43. Kd4 Bf1 44. Ra8 Bg2 45. Ra5 Bf1 46. Bd6 Kg6
47. Kc5 h5 48. b5 Kf5 49. b6 Bg2 50. Bc7 f6 51. exf6 Kxf6 52. Kd4 g6 53. Ra2
Bd5 54. Re2 Kf7 55. Rf2+ Ke7 56. Ke5 g5 57. Rf6 1-0

[Event "Championnat de Paris Open A"]
[Site "Paris"]
[Date "2012.07.09"]
[Round "3.93"]
[White "Kramo, Sosthene"]
[Black "Bourached, Anthony"]
[Result "1-0"]
[WhiteElo "1943"]
[BlackElo "1848"]
[PlyCount "41"]
[EventDate "2012.??.??"]

1. e4 c5 2. Nf3 d6 3. d4 cxd4 4. Nxd4 Nf6 5. Nc3 g6 6. Be3 Bg7 7. f3 Nc6 8. Qd2
O-O 9. Bc4 Bd7 10. Bb3 Rc8 11. h4 h5 12. O-O-O Ne5 13. Bg5 Rc5 14. g4 hxg4 15.
f4 Nc4 16. Qe2 Qc7 17. Bxf6 Bxf6 18. f5 Nxb2 19. Qxg4 Nxd1 20. Qxg6+ Kh8 21.
Qh6+ 1-0